| 000 | 00589nam a2200169 a 4500 | ||
|---|---|---|---|
| 001 | 000039832 | ||
| 005 | 20201002033747.0 | ||
| 008 | 130724s1987 ag c 000 0 spa d | ||
| 020 | _a9509097721 | ||
| 040 |
_aDO-SdBNP _bspa _cBNPHU |
||
| 100 | 1 |
_aEgerton, John _966021 |
|
| 240 | 1 | 0 |
_aGenerations- an american family _lEspañol |
| 245 | 1 | 0 |
_aArbol genealógico : _buna familia america a través de las generaciones / _cJohn Egerton. |
| 260 |
_aBuenos Aires : _bFraterna, _c1987. |
||
| 300 |
_a425 p. : _bretrs. ; _c21 cm. |
||
| 500 | _aIncluye datos biográficos del autor en la contracubierta | ||
| 999 |
_c39322 _d39322 |
||